Geografia y estadistica del estado de Durango / (Record no. 167139)

MARC details
000 -LEADER
campo de control de longitud fija 00829nam a2200193 i 4500
001 - NÚMERO DE CONTROL
campo de control 167139
003 - IDENTIFICADOR DE NÚMERO DE CONTROL
campo de control ES-MaACL
005 - FECHA Y HORA DE LA ÚLTIMA TRANSACCIÓN
campo de control 20250819164400.0
008 - DATOS DE LONGITUD FIJA--INFORMACIÓN GENERAL
campo de control de longitud fija 050926s1893 mx | |||||||| ||spa d
040 ## - FUENTE DE CATALOGACIÓN
Centro catalogador/agencia de origen CAM
Lengua de catalogación spa
Centro/agencia transcriptor CAM
100 1# - ENTRADA PRINCIPAL--NOMBRE DE PERSONA
Nombre de persona Velasco, Alfonso Luis.
9 (RLIN) 133598
245 10 - MENCIÓN DEL TÍTULO
Título Geografia y estadistica del estado de Durango /
Mención de responsabilidad, etc. Alfonso Luis Velasco.
260 ## - PUBLICACIÓN, DISTRIBUCIÓN, ETC.
Lugar de publicación, distribución, etc. Mexico :
Nombre del editor, distribuidor, etc. [s.n.],
Fecha de publicación, distribución, etc. 1893 (
Fabricante Oficina tip. de la Secretaria de Fomento)
300 ## - DESCRIPCIÓN FÍSICA
Extensión 196 p. ;
Dimensiones 24 cm.
490 1# - MENCIÓN DE SERIE
Mención de serie Geografia y estadistica de la Republica Mexicana por Alfonso Luis Velasco ;
Designación de volumen o secuencia 13
830 00 - PUNTO DE ACCESO ADICIONAL DE SERIE-TÍTULO UNIFORME
Título uniforme Geografía y estadística de la República mexicana
Designación de volumen o secuencia 13
9 (RLIN) 222600
852 ## - LOCALIZACIÓN
Ubicación ES-MaACL
Número de control de estantería 1688-F-5
Nota libre -- Rust.
-- -- Sello de la Compañía del Tlahualilo, Mexico, Nov. 16 1910
condición física -- Falto de las pag.41 a 56
Holdings
Estatus retirado Estado de pérdida Estado de daño No para préstamo Colección Biblioteca de origen Biblioteca actual Ubicación en estantería Fecha de adquisición Fuente de adquisición Total de préstamos Signatura topográfica completa Código de barras Visto por última vez Precio de reemplazo Tipo de ítem Koha
        Colección de folletos Biblioteca del Ateneo de Madrid Biblioteca del Ateneo de Madrid Depósito folletos 17/01/2008     1688-F-5 1175327 23/02/2023 23/02/2023 Folleto